000 00466nam a2200169Ia 4500
999 _c574
_d574
003 OSt
005 20210901120541.0
008 190216s9999||||xx |||||||||||||| ||und||
040 _coclc
082 _a297
_bALT/T
100 _aAl Tahan, Mahmood
_98747
245 0 _aTayseera Masthalihal Ladith /
_cMahmood Al Tahan
260 _bIshaaf And Islam,
_aNew Delhi:
300 _a240p
650 _aArabic
942 _cBK
_2ddc
_h297
_iALT/T
_k297
_mALT/T